000 00948nam a2200229 i 4500
001 42721
003 ES-MaACL
005 20250624190423.0
007 t|
008 030313s1976 sp ||||1| spa d
245 0 0 _aCastillos y murallas de Valladolid /
_c[dibujos de Federico Carrascal Antón ; prólogo, Marqués de Lozoya ; presentación, J. J. Martín González ; selección de textos, J. Manuel Parrilla].
260 _a[Valladolid :
_bInstitución Cultural Simancas,
_c1976]
300 _a97 p. :
_bil. ;
_c25 cm.
650 4 _aMurallas-
_zValladolid.
_9155664
650 4 _aCastillos-
_zValladolid.
_9153835
700 1 _aCarrascal Antón, Federico.
_935519
700 1 _aLozoya, Juan de Contreras y López de Ayala,
_cMarqués de,
_d1893-1978
_9129112
700 1 _aMartín González, Juan José,
_d1923-2009
_977514
700 1 _aParrilla, J. Manuel.
_989263
852 _aES-MaACL
_jA-5964
_bR.94767
999 _c42721
_d42721